Statistics for Harrison Ford Filmography

Click here to take the quiz!

General Stats

  • This quiz has been taken 228 times
    (134 since last reset)
  • The average score is 18 of 56

Answer Stats

Answer% Correct
Star Wars
96%
Raiders of the Lost Ark
89%
Return of the Jedi
87%
Indiana Jones and the Temple of Doom
86%
Indiana Jones and the Last Crusade
84%
The Empire Strikes Back
81%
Star Wars: The Force Awakens
69%
Blade Runner
68%
Indiana Jones and the Kingdom of the Crystal Skull
68%
The Fugitive
66%
Witness
60%
American Graffiti
59%
Patriot Games
59%
Air Force One
58%
Clear and Present Danger
54%
Blade Runner 2049
46%
Regarding Henry
41%
Working Girl
40%
Six Days Seven Nights
35%
The Mosquito Coast
35%
Frantic
33%
What Lies Beneath
32%
Apocalypse Now
31%
Ender's Game
31%
The Devil's Own
28%
Firewall
27%
Hollywood Homicide
26%
Morning Glory
26%
Sabrina
26%
Force 10 from Navarone
25%
Presumed Innocent
25%
The Expendables 3
24%
Cowboys & Aliens
22%
K-19: The Widowmaker
20%
42
19%
Anchorman 2: The Legend Continues
18%
Hanover Street
18%
The Conversation
18%
More American Graffiti
15%
E.T. the Extra-Terrestrial
12%
Paranoia
12%
Random Hearts
12%
The Frisco Kid
12%
The Age of Adaline
11%
Crossing Over
9%
Extraordinary Measures
9%
Bruno
5%
Getting Straight
5%
Dead Heat on a Merry-Go-Round
4%
A Time for Killing
2%
Heroes
2%
Jimmy Hollywood
2%
Journey to Shiloh
2%
Luv
2%
Zabriskie Point
2%
Water to Wine
0%

Score Distribution

Percentile by Number Answered

Percent of People with Each Score

Your Score History

You have not taken this quiz since the last reset